| 000 | 00367 a2200157 4500 | ||
|---|---|---|---|
| 001 | 188375 | ||
| 020 | _a978-85-7673-002-6 | ||
| 040 | _cMagnum | ||
| 100 | _aCorreia, Almir | ||
| 240 | 1 | 0 |
_aO menino com monstros nos dedos _lpor |
| 245 | 1 | 0 | _aO menino com monstros nos dedos |
| 300 | _a31 | ||
| 362 | 0 | _a2008 | |
| 697 | _aLITERATURA INFANTO-JUVENIL | ||
| 942 | _cBK | ||
| 999 |
_c188375 _d188375 |
||